| 000 | 01833namaa2200313 cb4500 | ||
|---|---|---|---|
| 001 | BV005305351 | ||
| 003 | DE-70 | ||
| 005 | 20260212140506.0 | ||
| 006 | m|||| o||u| |||||| | ||
| 007 | tu | ||
| 007 | 7 | ||
| 008 | 920527s1980 a||| |||| 00||| und d | ||
| 020 |
_a9780674296688 _9978-0-674-29668-8 |
||
| 024 |
_a9780674296688 _a978-0-674-29668-8 |
||
| 040 | _cRU-10907106 | ||
| 041 | _aeng | ||
| 100 |
_aFourcade, Marion; Healy, Kieran _4aut _968419 |
||
| 245 | _aThe Ordinal Society | ||
| 250 | _adigital original edition | ||
| 264 |
_aCambridge, Mass _bHarvard University Press _c2024 |
||
| 300 | _a208 Seiten | ||
| 336 |
_2rdacontent _aText _btxt |
||
| 337 |
_2rdamedia _aComputermedien _bbc |
||
| 338 |
_2rdacarrier _aOnline Ressource _bcr |
||
| 500 | _aE-Book / Zugriff nur im Lesesaal | ||
| 520 | _aCover Copyright Title Page Contents Introduction: Valley Fever Homestead Dreams Crabgrass Frontier Soft City 1. The Box of Delights The Gift of Everything The Social Substrate The Exfiltration of Sociality 2. The Data Imperative Thou Shalt Count Thou Shalt Gather Thou Shalt Learn 3. Classification Situations Naming and Ordering Testing and Matching Eigenvalues and Eigencapital 4. The Great Unbundling Informative Payments Market Modulations Streams of Income 5. Layered Financialization Layering Abstractions Popularizing Protocols Banking on Speculation 6. The Road to Selfdom Authenticated Exposure The Searching Disposition The Self-Organization Man 7. Ordinal Citizenship The Problem of Equality The Problem of Merit The Problem of Value Conclusion: The Unbearable Rightness of Being Ranked Ordinalizations Double Movement The Will to Progress and the Will to Power The Twofold Truth of Social Science Notes Acknowledgments Index | ||
| 856 |
_zVolltext _uhttps://doi.org/10.4159/9780674296688 |
||
| 942 |
_cEB _2z |
||
| 999 |
_c73705 _d73705 |
||